The conference book : how to successfully design, plan, staff and run conferences of twenty five or more people

Bibliographic Details
Main Authors: Leonard, Nadler (Author), Nadler, Zeace (Author)
Format: Book
Language:English
Published: Houston, Texas : Gulf Publishing 1980
Series:series :Building Block of Human potential series
Subjects:

MARC

LEADER 00000cam a2200000 7i4500
001 0000001906
005 20220929.0
008 991127 txu eng
020 |a 0872011402 
040 |a INS   |b eng   |e rda 
090 0 0 |a AS6   |b N137 1980 
100 1 |a Leonard, Nadler ,   |e author 
245 1 4 |a The conference book :   |b how to successfully design, plan, staff and run conferences of twenty five or more people   |c Leonard Nadler, Zeace Nadler 
264 1 |a Houston, Texas :   |b Gulf Publishing   |c 1980 
300 |a 267 pages ;   |c 24 cm. 
336 |a text  |2 rdacontent 
337 |a unmediated  |2 rdamedia 
338 |a volume  |2 rdacarrier 
440 0 |a series :Building Block of Human potential series 
500 |a Includes index 
650 0 0 |a Congresses and conventions 
650 0 0 |a Convention facilities 
700 1 |a Nadler, Zeace ,   |e author 
999 |a 0000000435   |b BOOK   |c Open Shelf   |e Default branch